000 00909nam a22002537a 4500
005 20170123164159.0
010 _aB-109414
020 _c75.00
035 _aB-109414
037 _bCen Lib/Ret
040 _aDPL
_bPN
082 _a230.22
_2ਉਪਨਿ
100 _aਆਰ. ਡੀ ਨਿਰਾਕਾਰੀ
_978980
245 _aਉਪਨਿਸ਼ਦ ਵਿਦ੍ਆ /
_cਆਰ. ਡੀ ਨਿਰਾਕਾਰੀ
246 _aUpnishd vidya /
_bby R. D. Nirankari
260 _aਚੰਡੀਗੜ੍ਹ
_bਲੋਕ ਗੀਤ ਪ੍ਰਕਾਸ਼ਨ
_c2003
270 _aSCO 26-27 Top Floor Sector 34A
_bਚੰਡੀਗੜ੍ਹ
_e160022
300 _a187
_c24cm(Hb)
650 _aਸੰਤ ਸਾਹਿਤ
_91054
650 _aਸੰਤ ਧਰਮ
_v
_9134613
650 _aSaint literature
_99692
650 _aSaint religion
_99693
942 _2ddc
_cPN
_h230.22
_mਉਪਨਿ
999 _c110958
_d110958